000 00675nam a22001937a 4500
005 20171213152027.0
010 _aUR-9968
020 _c400.00
_a-
035 _aU-8523
037 _bDBAD/PUB
100 _aصا بر ہ محسن
245 _a شمس ا لر حمن فا ر و قی کی ا فسا نہ نگا ر ی
_cصا بر ہ محسن
246 _bShams ur Rehman Farooqui ki Afsana Nigari
_aby Sabra Mohsin
260 _aKolkata
_bInsha Publications
_c2017
270 _a25-B,Zakaria Street,
_bKolkata
_e700073
_k91-33-22354616
_l-
300 _a528ص
_c22 Cm.(B.b)
500 _aدو حصہ
942 _2ddc
_cUR
_h844.08
_mص ا ب
999 _c147982
_d147982